00476nam a22001694a 45000050016000000100014000160200026000300350013000560370013000690820011000822450055000932600054001482700056002023000025002586500006002837000017002892010081100240.0 aENG-99501 c183.00a9788172087692 aEN-83033 bDBAD/PUB a230.35 aThe temples of healing /cCompiled by P. Sivaraman aPrasanthi NilayambSathya Sai Sadhana Trustc2009 aSathya Sai Sadhana Truste515134bPrasanthi Nilayam a464 p. c22cm (Pbk)  a  aP. Sivaraman